| 000 | 06376nkm0a2200709 4500 | ||
|---|---|---|---|
| 001 | RU\NLR\BIBL_A\022701589 | ||
| 005 | 20260408122428.0 | ||
| 035 | _a(NLR Aleph) 022701589 | ||
| 090 |
_a13516352 _c13516352 |
||
| 100 | _a20260115d1885 u y0rusy50 ca | ||
| 101 | 0 | _arus | |
| 102 | _aRU | ||
| 116 | _aiiycxx bf zz | ||
| 135 | _acrcn 024anaba | ||
| 181 | 0 |
_ab4 _bxb2e |
|
| 182 | 0 | _an | |
| 200 | 1 |
_aДворец в Гатчине _e[календарная стенка] |
|
| 203 |
_aИзображение _bнеподвижное _bдвухмерное _bвизуальное _cнепосредственное |
||
| 210 |
_aВ Москве _cЛитогр. И. И. Пашкова _dценз. 1885 |
||
| 215 |
_a1 л. (9 изобр.) _cхромолитогр. _d35,4х21,1 |
||
| 300 | _aЦенз. разрешение: Москва дозволено цензурою сентября 21 д. 1885 года | ||
| 316 |
_aЭкз. РНБ на шифре Э Пр.гр./К171-П, Эаф15406: 35,3х21,2 см. Экз. дефектный: утрачен левый нижний угол _5NLR: Э Пр.гр./К171-П |
||
| 325 | _aКопия доступна в Электрон. б-ке РНБ | ||
| 327 | 0 | _aНа л. также изобр. под загл.: Памятник на Бородинск. поле ; Памятник на Куликовск. поле ; Москва. Красные ворота ; Москва. Триумфальные ворота ; С. Петербург. Александровская колонна ; Дворец в Гатчине ; С. Петербург. Александровская колонна. Вверху в овалах погрудные портреты императрицы Марии Федоровны и императора Александра III, императорские регалии, герб Санкт-Петербурга | |
| 464 | 0 |
_12001#$aПамятник на Бородинск. поле _153212$aПамятник на Бородинском поле _tПамятник на Бородинск. поле |
|
| 464 | 0 |
_12001#$aПамятник на Куликовск. поле _153212$aПамятник на Куликовском поле _tПамятник на Куликовск. поле |
|
| 464 | 0 |
_12001#$aМосква. Красные ворота _tМосква. Красные ворота |
|
| 464 | 0 |
_12001#$aМосква. Триумфальные ворота _tМосква. Триумфальные ворота |
|
| 464 | 0 |
_12001#$aС. Петербург. Александровская колонна _153212$aСанкт-Петербург. Александровская колонна _tС. Петербург. Александровская колонна |
|
| 464 | 0 | _15401#$aИмператрица Мария Федоровна, портрет погрудный, 3/4 вправо, в овале | |
| 464 | 0 | _15401#$aИмператор Александр III, портрет погрудный, 3/4 влево, в овале | |
| 606 | 1 |
_aКалендарные стенки _92185775 _3RU\NLR\AUTH\6601550393 |
|
| 610 | 1 | _aПортретные изоиздания | |
| 610 | 1 | _aВидовые изоиздания | |
| 617 |
_aРоссия _cМосковская губерния _cМожайский уезд _dБородино, село _eБородинское поле _eГлавный монумент героям Бородина |
||
| 617 |
_aРоссия _cТульская губерния _cЕпифанский уезд _eКуликово поле _eКрасный холм _eПамятник-колонна Дмитрию Донскому |
||
| 617 |
_aРоссия _cМосковская губерния _cМосковский уезд _dМосква, город _eКрасные ворота |
||
| 617 |
_aРоссия _cМосковская губерния _cМосковский уезд _dМосква, город _eТриумфальные ворота |
||
| 617 |
_aРоссия _cСанкт-Петербургская губерния _cСанкт-Петербургский уезд _dСанкт-Петербург, город _eАлександровская колонна _kАдмиралтейская часть _kДворцовая площадь |
||
| 617 |
_aРоссия _cСанкт-Петербургская губерния _cЦарскосельский уезд _dГатчина, город _eГатчинский дворец |
||
| 620 | _dМосква | ||
| 686 | 1 | _aЩ150.489 | |
| 702 | 0 |
_4570 _8rus _7ca _aМария Федоровна _cимператрица российская _f1847-1928 _3RU\NLR\AUTH\7710845 _9120609 |
|
| 702 | 0 |
_4570 _8rus _7ca _aАлександр _cимператор российский _dIII _f1845-1894 _3RU\NLR\AUTH\778634 _9118533 |
|
| 711 | 0 | 2 |
_aГатчинский дворец _3RU\NLR\AUTH\889934912 _9364816 |
| 712 | 0 | 0 |
_4650 _4610 _aПашков, _gИосиф Иванович, _hлитография _cМосква _3RU\NLR\AUTH\880411177 _9487917 |
| 830 | _aВарианты наименования издателя-изготовителя по ЭК РНБ: Москва: лит. И.И. Пашкова, ценз. 1886; Москва: типо-лит. И.И. Пашкова, ценз. 1890; Москва: тип. И.И. Пашкова, 1896. А.Я. ОЭст | ||
| 830 | _a"Дворец в Гатчине" - ср. с фотографией "Вид Дворца с Серебряного озера": https://catalog.shm.ru/entity/OBJECT/1770130 (15.01.2026). АЯ ОЭФ | ||
| 852 | 0 | 0 |
_aNLR _bЭ _jПр.гр./К171-П _mЭаф15405 |
| 852 | 0 | 0 |
_aNLR _bЭ _jПр.гр./К171-П _mЭаф15406 |
| 856 | 0 | _uhttps://vivaldi.nlr.ru/lp500003417/view | |
| 856 | 1 | _uhttps://vivaldi.nlr.ru/lp500003417/cover | |
| 856 | 2 | _uhttps://vivaldi.nlr.ru/lp500003417/text | |
| 942 | _cVISUAL | ||
| 980 | _aNB | ||
| 981 | 2 | 2 |
_a(22) Материалы по истории России _b(22) Российский императорский дом |
| 981 | 1 | 7 |
_a(17) Изографические материалы _b(17) Портреты |
| 981 | 1 | 7 |
_a(17) Изографические материалы _b(17) Прикладная графика |